Prolegómenos para la lucha por la modernización y expansión del derecho penal y para la crítica del discurso de resistencia: a la vez, una hipótesis de trabajo sobre el concepto de Derecho penal moderno en el materialismo histórico del orden del discurso de criminalidad

Gorde:
Xehetasun bibliografikoak
Egile nagusia: Gracia Martín, Luis (Egilea)
Formatua: Liburua
Hizkuntza:gaztelania
Argitaratua: Valencia Tirant Lo Blanch 2003
Saila:Alternativa
Gaiak:
Etiketak: Etiketa erantsi
Etiketarik gabe, Izan zaitez lehena erregistro honi etiketa jartzen!

MARC

LEADER 00000nam a2200000 a 4500
001 UCK4640
003 CL-VaPUC
008 050617e20030000SP |||||||||||||||||spa|d
020 |a 8484427765 
082 0 4 |a 345.001  |b GRA  |2 21 
100 |a Gracia Martín, Luis  |e author  |9 601679 
245 1 0 |a Prolegómenos para la lucha por la modernización y expansión del derecho penal y para la crítica del discurso de resistencia: a la vez, una hipótesis de trabajo sobre el concepto de Derecho penal moderno en el materialismo histórico del orden del discurso de criminalidad 
300 |a 219 p 
942 |c BK 
945 |d 20050617 00:00:00  |a cmena 
260 |a Valencia  |b Tirant Lo Blanch  |c 2003 
650 7 |a DERECHO PENAL  |2 CL-VaPUC  |9 11 
650 0 |a Filosofía del derecho   |9 255050 
650 0 |a Teoría del derecho  |9 255982 
583 |a last modification  |c 20050617 00:00:00  |k Rodrigo Vera 
490 0 |a Alternativa 
999 |c 313460  |d 313458 
952 |0 0  |1 0  |4 0  |6 345_001000000000000_GRA_2003  |7 0  |8 A  |9 384825  |a BIBDER  |b BIBDER  |d 2019-11-22  |i 4139666  |o 345.001 GRA 2003  |p 4139666  |r 2023-01-25  |w 2019-11-22  |y BK  |k DER